Trenčín

Zobrazenie: Pohľad spomedzi stromy na hotel zľava. Pred budovou na chodníku stoja traja muži. Vpravo vysoký elektrický stĺp

Bibliographic Details
Format: Postcard
Language:Slovak
PhysicalDescription:1 pohľadnica čiernobiela 9 x 14 cm
Published: Trenčín Pavel Barteh, knihár [1920?]
Subjects:

MARC

LEADER 00000nkm a2200000 a 4500
001 vtls011769507
003 SK-MaSNL
005 20260512123537.0
007 kp bo
008 230706q1920 xo g kuslo
015 |a SNBG1920 
035 |a urn:nbn:sk:snk-km00dmb1 
035 |a urn:nbn:sk:snk-km3m0xi 
035 |a B7A19EB9-9C95-4743-9E28-7F0391576755 
040 |a SNK  |b slo  |c SNK  |e AACR2 
041 0 |a slo 
043 |a e-xo--- 
044 |a xo  |c SK 
072 7 |a 913  |x Regionálna geografia  |2 konspekt 
072 7 |a 72  |x Architektúra  |2 konspekt 
080 |a 913 437.641  |2 2011 
080 |a 721  |2 2011 
080 |a (084.121)  |2 2011 
245 0 0 |a Trenčín  |h grafika 
260 |a Trenčín  |b Pavel Barteh, knihár  |c [1920?]  |e [Hradec Králové?]  |f VR Hr. Kr. 
300 |a 1 pohľadnica  |b čiernobiela  |c 9 x 14 cm 
520 8 |a Zobrazenie: Pohľad spomedzi stromy na hotel zľava. Pred budovou na chodníku stoja traja muži. Vpravo vysoký elektrický stĺp 
650 0 7 |a budovy  |2 SNKPH  |9 1283 
651 7 |a Trenčín (Slovensko)  |2 SNKPHgeo  |9 159956 
655 7 |a miestne pohľadnice  |2 SNKPH  |9 70510 
852 |a Slovenská národná knižnica 
958 |a GC 
958 |a ONDV 
958 |a GBN 
999 |c 770752  |d 772682 
952 |a SNK  |b SNK  |y PREZ  |7 0  |p 17A1279787  |o snkSP 65863  |z Pohľadnica prešla poštou.  |0 0  |1 0  |4 0  |d 2018-07-27  |f 1  |l 0  |r 2026-02-24 00:33:51  |w 2026-02-24